00421nam a2200169Ia 4500003000400000005001700004008004100021020001900062040000700081041000800088082001300096100002200109245003600131260005200167300000900219650002300228OSt20250809102046.0250729s2006 xx 000 0 und d a978-8184110425 cAL aeng a613 KRIT aReddy B Janardhan aTechniues of teaching sociology aNew DelhibOrbis Books Sonali Publicationc2006 a240p aPhysical Education